000 00715nam a2200217 i 4500
001 25159
003 ES-MaACL
005 20230906153213.0
007 t|
008 021220s1962 mx a |||| |bspa d
080 _a929 Carlota(72)Bélgica
100 1 _aArce, David N.
_922447
245 1 0 _aDesventura y pasión de Carlota
_b: esquema para un estudio /
_cDavid N. Arce ; prólogo de Alberto Valenzuela Rodarte.
260 _aMéxico :
_bJus,
_c1962.
300 _a96 p. :
_bil. ;
_c24 cm.
490 1 _aMéxico heróico
600 0 4 _aCarlota
_cEmperatriz consorte de Maximiliano, Emperador de México.
_9145388
830 0 _aMéxico heróico
_9181313
852 _aES-MaACL
_jE-9427
999 _c25159
_d25159